| Tag |
First Indicator |
Second Indicator |
Subfields |
| LEADER |
00000cam a2200000 a 4500 |
| 001 |
in00000013958 |
| 005 |
20190207093345.0 |
| 008 |
870729s1988 txua b 00110 eng |
| 010 |
|
|
|a 87018002
|
| 020 |
|
|
|a 0890963657 :
|c $16.95
|
| 035 |
|
|
|a (OCoLC)16472265
|
| 035 |
|
|
|9 AAA6305AM
|
| 040 |
|
|
|a DLC
|c DLC
|d UtOrBLW
|
| 043 |
|
|
|a n-us-tx
|
| 049 |
|
|
|a TXAS
|c 1 [txas], 2 [pres]
|a TXAM
|c 3
|
| 050 |
0 |
0 |
|a F395.B67
|b S57 1988
|
| 082 |
0 |
|
|a 976.4/0049186
|2 19
|
| 100 |
1 |
|
|a Skrabanek, R. L.
|
| 245 |
1 |
0 |
|a We're Czechs /
|c Robert L. Skrabanek.
|
| 250 |
|
|
|a 1st ed.
|
| 264 |
|
1 |
|a College Station :
|b Texas A & M University Press,
|c [1988]
|
| 264 |
|
4 |
|c ©1988
|
| 300 |
|
|
|a xii, 240 pages :
|b illustrations ;
|c 23 cm.
|
| 336 |
|
|
|a text
|b txt
|2 rdacontent
|
| 337 |
|
|
|a unmediated
|b n
|2 rdamedia
|
| 338 |
|
|
|a volume
|b nc
|2 rdacarrier
|
| 490 |
1 |
|
|a Centennial series of the Association of Former Students, Texas A&M University ;
|v no. 25
|
| 500 |
|
|
|a The Cushing Library/Chapman Texas Collection copy is part of the Floyd & Louise Chapman Texas & Borderlands Collection.
|5 TXA
|
| 504 |
|
|
|a Bibliography: pages 231-234.
|
| 500 |
|
|
|a Includes index.
|
| 650 |
|
0 |
|a Czech Americans
|z Texas
|x Social life and customs.
|
| 650 |
|
0 |
|a Farm life
|z Texas.
|
| 651 |
|
0 |
|a Texas
|x Social life and customs.
|
| 830 |
|
0 |
|a Centennial series of the Association of Former Students, Texas A&M University ;
|v no. 25.
|
| 999 |
|
|
|a MARS
|
| 999 |
f |
f |
|s e4161768-0cb4-3374-a57c-d5b2c4565bf0
|i 64d49e08-b51f-397d-bf8a-bd886d2e4018
|t 0
|
| 952 |
f |
f |
|p noncirc
|a Texas A&M University
|b College Station
|c Cushing Memorial Library & Archives
|d Cushing: Chapman Texas Collection (Does not check out)
|t 0
|e F395.B67 S57 1988
|h Library of Congress classification
|i unmediated -- volume
|m A14809876251
|
| 952 |
f |
f |
|p noncirc
|a Texas A&M University
|b College Station
|c Cushing Memorial Library & Archives
|d Cushing: Texas A&M Press (Does not check out)
|t 0
|e F395.B67 S57 1988
|h Library of Congress classification
|i unmediated -- volume
|
| 952 |
f |
f |
|p ric
|a Texas A&M University
|b Rellis Campus
|c Joint Library Facility
|d Remote Storage
|t 0
|e F395.B67 S57 1988
|h Library of Congress classification
|i unmediated -- volume
|m A14834412765
|
| 998 |
f |
f |
|a F395.B67 S57 1988
|t 0
|l Remote Storage
|
| 998 |
f |
f |
|a F395.B67 S57 1988
|t 0
|l Cushing: Texas A&M Press (Does not check out)
|
| 998 |
f |
f |
|a F395.B67 S57 1988
|t 0
|l Cushing: Chapman Texas Collection (Does not check out)
|